00620 2200217 4500001002100000005001500021035002000036245009200056100003100148250000600179300003500185700001200220260003900232082001200271084001800283020001800301650003200319990001700351990001700368990001700385INLIS00000000000021420180918043454 a0010-09180000681 aSelayang Pandang Nusa Tenggara Timur /cGandes Cukat Permaty, S.Pd; Ilustrator, Junarko0 aGandes Cukat Permaty, S.Pd a- aiv, 60 hlm. :bilus. ;c21 cm.0 aJunarko aKlaten :bPT Intan Pariwara,c2008 a911.598 a911.598 GAN s a979-28-0451-5 aGeografi Historis Indonesia a00922/P/2018 a00923/P/2018 a00966/P/2018